3D reklama očima zahraničních dodavatelů

Rozhovor časopisu Strategie so zástupcami firiem s reklamnými predmetmi. Trh trojdimenziálnej reklamy. Súčasné trendy v dopyte po reklame. Novinky na trhu. Dodacie lehoty v západnej Európe. Význam českého trhu pre zahraničných partnerov. Rozšírenie výroby reklamy v Európe a Ázii.

Gespeichert in:
Bibliographische Detailangaben
Format: Buchkapitel
Sprache:Tschechisch
Schlagworte:
Tags: Tag hinzufügen
Keine Tags, Fügen Sie das erste Tag hinzu!

MARC

LEADER 00000naa a2200000 4500
001 r019829
005 20230911123253.7
041 0 |a cze 
044 |a CZ 
245 1 0 |a 3D reklama očima zahraničních dodavatelů 
520 |a Rozhovor časopisu Strategie so zástupcami firiem s reklamnými predmetmi. Trh trojdimenziálnej reklamy. Súčasné trendy v dopyte po reklame. Novinky na trhu. Dodacie lehoty v západnej Európe. Význam českého trhu pre zahraničných partnerov. Rozšírenie výroby reklamy v Európe a Ázii. 
610 2 0 |a reklama 
610 2 0 |a firmy 
610 2 0 |a Česko 
610 2 0 |a trh svetový 
610 2 0 |a Európa 
610 2 0 |a Ázia 
610 2 0 |a tvorba reklamy